01557 2200721 4500001002100000005001500021008004100036035002000077082000800097084001400105100002200119245007500141250000600216260003500222300001200257650001400269990001200283990001200295990001200307990001200319990001200331990001200343990001200355990001200367990001200379990001200391990001200403990001200415990001200427990001200439990001200451990001200463990001200475990001200487990001200499990001200511990001200523990001200535990001200547990001200559990001200571990001200583990001200595990001200607990001200619990001200631990001200643990001200655990001200667990001200679990001200691990001200703990001200715990001200727990001200739990001200751990001200763990001200775990001200787990001200799990001200811990001200823INLIS00000000000013320240502110222240502 0 ind  a0010-0424000109 a300 a300 POE s aHadi P, Poerwanti1 aBuku Siswa Sosiologi 3 Peminatan ( Edisi Revisi ) /cPoerwanti Hadi P. a1 aKlaten :bCempaka Putih,c2016 a330 hlm 4aNon Fiksi a0736690 a0736691 a0736692 a0736693 a0736694 a0736695 a0736696 a0736697 a0736698 a0736699 a0736700 a0736701 a0736702 a0736703 a0736704 a0736705 a0736706 a0736707 a0736708 a0736709 a0736710 a0736711 a0736712 a0736713 a0736714 a0736715 a0736716 a0736717 a0736718 a0736719 a0736720 a0736721 a0736722 a0736723 a0736724 a0736725 a0736726 a0736727 a0736728 a0736729 a0736730 a0736731 a0736732 a0736733 a0736734 a0736735